Normal view
MARC view
- Housner, G. W
Entry Personal Name
001 - CONTROL NUMBER
- control field: 47361
003 - CONTROL NUMBER IDENTIFIER
- control field: NUST
005 - DATE AND TIME OF LATEST TRANSACTION
- control field: 20210314133812.0
008 - FIXED-LENGTH DATA ELEMENTS
- fixed length control field: 210314|| aca||aabn | a|a d
040 ## - CATALOGING SOURCE
- Original cataloging agency: NUST
- Transcribing agency: NUST
100 ## - HEADING--PERSONAL NAME
- Personal name: Housner, G. W
670 ## - SOURCE DATA FOUND
- Source citation: Work cat.: (NUST): Housner, G. W., Selected earthquake engineering papers of George W. Housner., c1990.
